| 000 | 01542nam a22002657a 4500 | ||
|---|---|---|---|
| 005 | 20101206113148.0 | ||
| 008 | 101206t xxu||||| |||| 00| 0 hin d | ||
| 010 | _aHIN-91554 | ||
| 020 |
_c300.00 _a9788173093920 |
||
| 035 | _aHN-63900 | ||
| 037 | _bDBAD/PUB | ||
| 040 |
_aDPL _bHN |
||
| 082 | _a301.153 | ||
| 100 |
_924598 _aगांधी, मोहनदास करमचंद |
||
| 245 |
_aदक्षिण अफ्रीका के: सत्याग्रह का इतिहास / _cमोहनदास करमचंद गांधी; कालिका प्रसाद द्वारा अनुदित |
||
| 260 |
_aनई दिल्ली _bसस्ता साहित्य मण्डल _c2009 |
||
| 270 |
_aएन-77, पहली मंजिल, कनॉट सर्कस _bनई दिल्ली _e110001 _k23310505 _mmanager@sastasahityamandal.org |
||
| 300 |
_a320पृ _c22सेमी (सजिल्द) |
||
| 500 | _aराजनीति के क्षेत्र में बड़े पैमाने पर सत्याग्रह के पहले प्रयोग का इतिहास | ||
| 650 | _91169 | ||
| 700 |
_924599 _aकालिका प्रसाद |
||
| 700 | _925390 | ||
| 942 |
_2ddc _cHN _mगांधीमो _h301.153 |
||
| 999 |
_c49978 _d49978 |
||